[Event "RUS-ch Silent"]
[Site "Zelenograd"]
[Date "2022.04.15"]
[Round "8"]
[White "Onischenko, Andrey"]
[Black "Kononov, Viktor V"]
[Result "1-0"]
[WhiteElo "2006"]
[BlackElo "2015"]
[PlyCount "137"]
[EventDate "2022.04.09"]
[EventType "swiss"]
[EventRounds "11"]
[EventCountry "RUS"]
[SourceTitle "EXT 2023"]
[Source "ChessBase"]
[SourceDate "2022.10.05"]
[SourceVersion "1"]
[SourceVersionDate "2022.10.05"]
[SourceQuality "1"]

1. e4 c5 2. Nf3 e6 3. d4 cxd4 4. Nxd4 a6 5. c4 Nf6 6. Bd3 Qc7 7. Nc3 b6 8. Qe2 d6 9. 0-0 Bb7 10. Bg5 Be7 11. Rac1 0-0 12. Bb1 Re8 13. Qd3 Nbd7 14. Qh3 Nf8 15. Rfd1 Rac8 16. b3 Qb8 17. Be3 Red8 18. Nde2 Ba8 19. a4 N8d7 20. Nf4 Nf8 21. Nh5 Nxh5 22. Qxh5 Bf6 23. Bd4 Bxd4 24. Rxd4 Rc5 25. Qd1 Ng6 26. g3 Qc7 27. Rc2 f5 28. Rcd2 fxe4 29. Rxd6 Rxd6 30. Rxd6 Nf8 31. Bxe4 Bxe4 32. Nxe4 Rf5 33. Qd4 b5 34. Rxa6 bxa4 35. Ra7 Qe5 36. Qxe5 Rxe5 37. f3 axb3 38. Rb7 Ra5 39. Rxb3 Nd7 40. h4 h6 41. Kf2 Kf7 42. Ke3 e5 43. h5 Ke6 44. Rd3 Ra1 45. Rd6+ Ke7 46. Rg6 Kf8 47. Nd6 Nc5 48. Nf5 Ra3+ 49. Ke2 e4 50. fxe4 Nxe4 51. g4 Rc3 52. Nxg7 Ng3+ 53. Kf2 Ne4+ 54. Kg2 Rxc4 55. Nf5 Rc2+ 56. Kf3 Ng5+ 57. Ke3 Nf7 58. Nxh6 Ne5 59. Rg8+ Ke7 60. Ke4 Re2+ 61. Kf5 Nf3 62. Rg7+ Ke8 63. Kf6 Rf2 64. Nf5 Nd2 65. h6 Ne4+ 66. Kg6 Rf4 67. g5 Rg4 68. Re7+ Kf8 69. Rxe4 1-0

[Event "RUS-ch Silent"]
[Site "Zelenograd"]
[Date "2022.04.12"]
[Round "4"]
[White "Kononov, Viktor V"]
[Black "Petrenko, Mikhail"]
[Result "1-0"]
[WhiteElo "2015"]
[BlackElo "1878"]
[PlyCount "93"]
[EventDate "2022.04.09"]
[EventType "swiss"]
[EventRounds "11"]
[EventCountry "RUS"]
[SourceTitle "EXT 2023"]
[Source "ChessBase"]
[SourceDate "2022.10.05"]
[SourceVersion "1"]
[SourceVersionDate "2022.10.05"]
[SourceQuality "1"]

1. Nf3 Nf6 2. b3 d5 3. Bb2 Bf5 4. d3 e6 5. Nbd2 h6 6. g3 Nbd7 7. Bg2 c6 8. 0-0 Qc7 9. c4 Bd6 10. Rc1 0-0 11. Re1 Bh7 12. a3 a5 13. Qc2 Rac8 14. Qb1 Qb6 15. Qa1 Rfe8 16. d4 Qa7 17. c5 Bc7 18. b4 Ra8 19. Bc3 Qb8 20. Qb2 e5 21. dxe5 Nxe5 22. Nd4 Qc8 23. b5 cxb5 24. Nxb5 Ne4 25. Nxe4 dxe4 26. Bd4 f6 27. Nd6 Bxd6 28. cxd6 Nc6 29. Bb6 Qd7 30. Red1 Re5 31. Bc7 b5 32. f4 Rh5 33. Qc2 Nd8 34. Bxe4 Bxe4 35. Qxe4 Rc8 36. e3 Ne6 37. Qf3 Rc5 38. Rxc5 Nxc5 39. Qd5+ Ne6 40. f5 Re8 41. fxe6 Rxe6 42. Bxa5 Kh7 43. Qd3+ g6 44. Bb4 Qa7 45. d7 Rxe3 46. Qd4 Qa4 47. d8Q 1-0

[Event "RUS-ch Silent"]
[Site "Zelenograd"]
[Date "2022.04.09"]
[Round "1"]
[White "Kononov, Viktor V"]
[Black "Rukavishnikov, Maxim"]
[Result "1-0"]
[WhiteElo "2015"]
[BlackElo "1807"]
[PlyCount "75"]
[EventDate "2022.04.09"]
[EventType "swiss"]
[EventRounds "11"]
[EventCountry "RUS"]
[SourceTitle "EXT 2023"]
[Source "ChessBase"]
[SourceDate "2022.10.05"]
[SourceVersion "1"]
[SourceVersionDate "2022.10.05"]
[SourceQuality "1"]

1. Nf3 Nf6 2. b3 d5 3. Bb2 e6 4. e3 Bd6 5. Be2 Nbd7 6. d4 Ne4 7. a3 0-0 8. c4 c6 9. Nbd2 Nxd2 10. Qxd2 dxc4 11. Bxc4 b6 12. 0-0 Bb7 13. e4 c5 14. Rfe1 cxd4 15. Qxd4 Nf6 16. e5 Bc5 17. Qxd8 Rfxd8 18. exf6 Bxf3 19. gxf3 Rd2 20. Re2 Rad8 21. Bc3 Rxe2 22. Bxe2 Rc8 23. Bb2 gxf6 24. Bxf6 e5 25. Bc4 Bd4 26. Re1 Rc5 27. a4 a6 28. Bxa6 Rc6 29. Bxe5 Re6 30. f4 Kf8 31. Bc4 Rg6+ 32. Kf1 Bc5 33. f5 Rg5 34. Bf4 Rh5 35. f6 Rh4 36. Bb5 Kg8 37. Re8+ Bf8 38. Bd6 1-0

[Event "RUS-ch Silent"]
[Site "Zelenograd"]
[Date "2020.10.06"]
[Round "4"]
[White "Onischenko, Andrey"]
[Black "Kononov, Viktor V"]
[Result "1-0"]
[WhiteElo "2036"]
[BlackElo "2056"]
[PlyCount "81"]
[EventDate "2020.10.03"]
[EventType "swiss"]
[EventRounds "11"]
[EventCountry "RUS"]
[SourceTitle "EXT 2022"]
[Source "ChessBase"]
[SourceDate "2021.10.06"]
[SourceVersion "1"]
[SourceVersionDate "2021.10.06"]
[SourceQuality "1"]

1. e4 c5 2. Nf3 e6 3. d4 cxd4 4. Nxd4 Nf6 5. Nc3 Bb4 6. e5 Nd5 7. Bd2 Bxc3 8. bxc3 0-0 9. c4 Ne7 10. Bd3 Nbc6 11. Nxc6 Nxc6 12. Qh5 g6 13. Qe2 d6 14. exd6 Qxd6 15. 0-0 b6 16. Rad1 Qe7 17. Rfe1 Bb7 18. Qg4 f5 19. Qg3 e5 20. f3 Rae8 21. h4 Qg7 22. Bc3 Qe7 23. Kh1 f4 24. Qf2 Rd8 25. Be4 Rxd1 26. Rxd1 Rd8 27. Bd5+ Kg7 28. Re1 Qc5 29. Qxc5 bxc5 30. Rxe5 Kh6 31. Re4 Rd7 32. Rxf4 Nd8 33. Bxb7 Nxb7 34. Rf6 Nd6 35. Rf8 Nxc4 36. Rc8 Rd5 37. Bf6 a5 38. Rc7 g5 39. hxg5+ Kg6 40. g4 Rd1+ 41. Kh2 1-0

[Event "WchT ICSC Silent 19th"]
[Site "Chiavenna"]
[Date "2019.12.17"]
[Round "5.2"]
[White "Filippskikh, Oleksii"]
[Black "Kononov, Viktor V"]
[Result "1-0"]
[WhiteElo "1967"]
[BlackElo "2057"]
[PlyCount "67"]
[EventDate "2019.12.14"]
[EventType "team-tourn"]
[EventRounds "9"]
[EventCountry "ITA"]
[SourceTitle "CBM 193 Extra"]
[Source "ChessBase"]
[SourceDate "2020.01.31"]
[SourceVersion "1"]
[SourceVersionDate "2020.01.31"]
[SourceQuality "1"]
[WhiteTeam "Ukraine"]
[BlackTeam "Russia"]
[WhiteTeamCountry "UKR"]
[BlackTeamCountry "RUS"]

1. Nf3 Nf6 2. c4 c5 3. Nc3 Nc6 4. g3 e6 5. Bg2 Be7 6. 0-0 0-0 7. d4 cxd4 8. Nxd4 Nxd4 9. Qxd4 d6 10. Rd1 a6 11. Bg5 Rb8 12. Rac1 e5 13. Qd2 Be6 14. Bxf6 Bxf6 15. Ne4 Be7 16. Nxd6 Qc7 17. c5 Rfd8 18. b4 b6 19. h4 h6 20. Qe3 bxc5 21. bxc5 f6 22. Bd5 Bxd5 23. Rxd5 Rb2 24. Rcd1 Bf8 25. Qc3 Rdb8 26. Qc4 R8b4 27. Qxa6 Rb1 28. a3 Rb8 29. Qc4 Kh8 30. R5d2 Bxd6 31. Rxd6 Rxd1+ 32. Rxd1 Rc8 33. c6 Qxc6 34. Rd8+ 1-0

[Event "WchT ICSC Silent 19th"]
[Site "Chiavenna"]
[Date "2019.12.16"]
[Round "4.1"]
[White "Kononov, Viktor V"]
[Black "Nurymov, Berik"]
[Result "1-0"]
[WhiteElo "2057"]
[BlackElo "1849"]
[PlyCount "85"]
[EventDate "2019.12.14"]
[EventType "team-tourn"]
[EventRounds "9"]
[EventCountry "ITA"]
[SourceTitle "CBM 193 Extra"]
[Source "ChessBase"]
[SourceDate "2020.01.31"]
[SourceVersion "1"]
[SourceVersionDate "2020.01.31"]
[SourceQuality "1"]
[WhiteTeam "Russia"]
[BlackTeam "Kazakhstan"]
[WhiteTeamCountry "RUS"]
[BlackTeamCountry "KAZ"]

1. d4 d5 2. Bf4 c6 3. e3 Bf5 4. Nd2 e6 5. Ngf3 Nf6 6. h3 h6 7. c4 Nbd7 8. Qb3 Qb6 9. c5 Qxb3 10. axb3 Ne4 11. Nxe4 Bxe4 12. Nd2 Bf5 13. b4 g5 14. Bh2 Bg7 15. Nb3 e5 16. Kd2 0-0 17. b5 cxb5 18. Bxb5 Nb8 19. Bxe5 Bxe5 20. dxe5 Bd7 21. Bxd7 Nxd7 22. f4 Rfc8 23. Rhc1 Rc6 24. Ra5 gxf4 25. exf4 b6 26. cxb6 Rxb6 27. Rc3 Rab8 28. Kc2 d4 29. Rg3+ Kf8 30. Rxa7 Ke8 31. Rg8+ Nf8 32. Nxd4 Rxb2+ 33. Kd3 Rd8 34. Ke3 Rb6 35. Rc7 Ra8 36. Nc6 Ra3+ 37. Ke4 Ra4+ 38. Kf5 Rxc6 39. Rxc6 Kd7 40. Rf6 Ke7 41. Rg7 Rxf4+ 42. Kxf4 Ne6+ 43. Rxe6+ 1-0

[Event "RUS-ch Silent"]
[Site "Zelenograd"]
[Date "2019.04.13"]
[Round "11"]
[White "Davydov, Evgeny G"]
[Black "Kononov, Viktor V"]
[Result "0-1"]
[WhiteElo "1956"]
[BlackElo "2029"]
[PlyCount "42"]
[EventDate "2019.04.03"]
[EventType "swiss"]
[EventRounds "11"]
[EventCountry "RUS"]
[SourceTitle "CBM 190 Extra"]
[Source "ChessBase"]
[SourceDate "2019.07.15"]
[SourceVersion "1"]
[SourceVersionDate "2019.07.15"]
[SourceQuality "1"]

1. d4 Nf6 2. c4 e6 3. Nf3 c5 4. d5 b5 5. dxe6 fxe6 6. cxb5 d5 7. Bg5 Bb7 8. e3 Bd6 9. Be2 Nbd7 10. Nc3 0-0 11. 0-0 Kh8 12. Bh4 Qe7 13. Bd3 e5 14. e4 c4 15. Bb1 d4 16. Ne2 Nc5 17. Ng3 Qe6 18. Bxf6 Rxf6 19. Nd2 a6 20. bxa6 Bxa6 21. a3 Rb8 0-1

[Event "RUS-ch Silent"]
[Site "Zelenograd"]
[Date "2019.04.12"]
[Round "10"]
[White "Kononov, Viktor V"]
[Black "Smirnov, Andrey"]
[Result "1-0"]
[WhiteElo "2029"]
[BlackElo "2081"]
[PlyCount "115"]
[EventDate "2019.04.03"]
[EventType "swiss"]
[EventRounds "11"]
[EventCountry "RUS"]
[SourceTitle "CBM 190 Extra"]
[Source "ChessBase"]
[SourceDate "2019.07.15"]
[SourceVersion "1"]
[SourceVersionDate "2019.07.15"]
[SourceQuality "1"]

1. d4 d5 2. Nd2 c5 3. e3 cxd4 4. exd4 Nc6 5. Ngf3 Bf5 6. c3 e6 7. Be2 Bd6 8. 0-0 Qc7 9. b3 h6 10. a4 Nf6 11. Bb2 0-0 12. c4 Ne4 13. h3 Rad8 14. c5 Bf4 15. Nb1 e5 16. Na3 a6 17. Nc2 Qa5 18. Ne3 Be6 19. Qe1 Qxe1 20. Rfxe1 exd4 21. Nxd4 Nxc5 22. Nec2 Bd7 23. Ba3 Bd6 24. Bf3 Nxd4 25. Nxd4 Rfe8 26. Red1 Be6 27. Rab1 Ne4 28. Bxd6 Rxd6 29. Rbc1 Nf6 30. Rc7 Rd7 31. Rdc1 Ree7 32. Rc8+ Kh7 33. b4 Rd6 34. R8c2 Rb6 35. b5 axb5 36. axb5 Rd6 37. Rc7 Rxc7 38. Rxc7 Rb6 39. Be2 Bd7 40. Bd3+ g6 41. f4 Be8 42. g4 Kg7 43. f5 g5 44. Kf2 Kf8 45. Ke3 Bd7 46. Rc5 Ke7 47. Nf3 d4+ 48. Kxd4 Rd6+ 49. Kc4 Kd8 50. Be2 Ne4 51. Re5 Nd2+ 52. Kc5 Nxf3 53. Kxd6 Nxe5 54. Kxe5 Ke7 55. f6+ Kd8 56. Kd6 Be6 57. b6 Ke8 58. Bf3 1-0

[Event "RUS-ch Silent"]
[Site "Zelenograd"]
[Date "2019.04.05"]
[Round "3"]
[White "Varezhkin, Viktor"]
[Black "Kononov, Viktor V"]
[Result "1/2-1/2"]
[WhiteElo "2215"]
[BlackElo "2029"]
[PlyCount "112"]
[EventDate "2019.04.03"]
[EventType "swiss"]
[EventRounds "11"]
[EventCountry "RUS"]
[SourceTitle "CBM 190 Extra"]
[Source "ChessBase"]
[SourceDate "2019.07.15"]
[SourceVersion "1"]
[SourceVersionDate "2019.07.15"]
[SourceQuality "1"]

1. Nf3 Nf6 2. c4 c5 3. Nc3 Nc6 4. g3 g6 5. Bg2 Bg7 6. 0-0 0-0 7. d4 cxd4 8. Nxd4 Nxd4 9. Qxd4 d6 10. Qd3 Nd7 11. b3 Ne5 12. Qd2 Nc6 13. Bb2 Qa5 14. Rfd1 h5 15. Rac1 h4 16. c5 hxg3 17. hxg3 Be6 18. cxd6 exd6 19. Ne4 Qxd2 20. Rxd2 Bxb2 21. Rxb2 Rad8 22. Rd2 d5 23. Nc5 Na5 24. Rcd1 Rc8 25. Nxe6 fxe6 26. e4 d4 27. Bh3 Kf7 28. Rxd4 Rfe8 29. e5 Nc6 30. Rf4+ Ke7 31. Rf6 Nd8 32. Rd2 Rg8 33. Rd6 Rc6 34. Bxe6 Rxd6 35. exd6+ Kxf6 36. Bxg8 Ke5 37. f4+ Kxd6 38. Bh7 g5 39. fxg5 Ke5 40. Bg8 Kf5 41. Kf2 Kxg5 42. Ke3 Nc6 43. a3 Kg4 44. Bd5 Ne7 45. Bxb7 Kxg3 46. Be4 Nc8 47. a4 Nd6 48. Bd5 Kg4 49. Kd4 Kf5 50. Kc5 Ke5 51. Kc6 Nc8 52. Bc4 Kd4 53. Kb7 Ne7 54. a5 Kc5 55. Kxa7 Nc6+ 56. Ka6 Kb4 1/2-1/2

[Event "RUS-ch Silent"]
[Site "Zelenograd"]
[Date "2018.10.30"]
[Round "7"]
[White "Kononov, Viktor V"]
[Black "Smirnov, Andrey"]
[Result "1-0"]
[WhiteElo "2030"]
[BlackElo "2095"]
[PlyCount "63"]
[EventDate "2018.10.25"]
[EventType "swiss"]
[EventRounds "11"]
[EventCountry "RUS"]
[SourceTitle "EXT 2020"]
[Source "ChessBase"]
[SourceDate "2019.10.17"]
[SourceVersion "1"]
[SourceVersionDate "2019.10.17"]
[SourceQuality "1"]

1. d4 e6 2. Nf3 b6 3. e4 Bb7 4. Bd3 c5 5. c3 d6 6. 0-0 Nd7 7. Bf4 Ngf6 8. Nbd2 Be7 9. h3 0-0 10. Qe2 Re8 11. e5 Nd5 12. Bg3 dxe5 13. dxe5 Nf8 14. Bb5 Nd7 15. a4 Rf8 16. Ne4 Qc7 17. Bc4 Rfd8 18. Rfe1 Nf8 19. h4 Ng6 20. Bxd5 Bxd5 21. h5 Nf8 22. Nf6+ Kh8 23. Ng5 gxf6 24. Nxf7+ Kg8 25. Nh6+ Kh8 26. Qg4 Ng6 27. exf6 Bd6 28. Bxd6 Rxd6 29. hxg6 hxg6 30. Qxg6 Rf8 31. f7 e5 32. Qh5 1-0

[Event "RUS-ch Silent"]
[Site "Zelenograd"]
[Date "2018.10.28"]
[Round "4"]
[White "Davydov, Evgeny G"]
[Black "Kononov, Viktor V"]
[Result "1/2-1/2"]
[WhiteElo "1959"]
[BlackElo "2030"]
[PlyCount "90"]
[EventDate "2018.10.25"]
[EventType "swiss"]
[EventRounds "11"]
[EventCountry "RUS"]
[SourceTitle "EXT 2020"]
[Source "ChessBase"]
[SourceDate "2019.10.17"]
[SourceVersion "1"]
[SourceVersionDate "2019.10.17"]
[SourceQuality "1"]

1. d4 f5 2. Nf3 g6 3. g3 Bg7 4. Bg2 Nf6 5. 0-0 0-0 6. c4 d6 7. Nc3 Nc6 8. d5 Ne5 9. Nxe5 dxe5 10. e4 Nd7 11. exf5 gxf5 12. f4 e4 13. Be3 Nf6 14. Bd4 c6 15. Qb3 Kh8 16. Rad1 Qe8 17. Rd2 Qf7 18. Nd1 cxd5 19. cxd5 b6 20. Ne3 Ne8 21. Nc4 Bxd4+ 22. Rxd4 Qg7 23. Rfd1 Nd6 24. Ne5 Ba6 25. Bf1 Bxf1 26. Kxf1 Qh6 27. R4d2 Rac8 28. Nc6 Rc7 29. Qc3+ Kg8 30. Qe5 Rf7 31. Nd8 Qh5 32. Nxf7 Qf3+ 33. Kg1 Kxf7 34. Re1 Rc1 35. Rxc1 Qe3+ 36. Rf2 Qxc1+ 37. Kg2 Qd1 38. h3 Qd3 39. Qc3 Qxd5 40. Kh2 Kg6 41. Rd2 Qxa2 42. b3 Qa6 43. Qh8 e3 44. Qg8+ Kf6 45. Qh8+ Kg6 1/2-1/2

[Event "RUS-ch Silent"]
[Site "Zelenograd"]
[Date "2017.09.21"]
[Round "4"]
[White "Kononov, Viktor V"]
[Black "Petrov, Alexey"]
[Result "1-0"]
[WhiteElo "2045"]
[BlackElo "1987"]
[PlyCount "107"]
[EventDate "2017.09.19"]
[EventType "swiss"]
[EventRounds "11"]
[EventCountry "RUS"]
[SourceTitle "EXT 2019"]
[Source "ChessBase"]
[SourceDate "2018.10.10"]
[SourceVersion "1"]
[SourceVersionDate "2018.10.10"]
[SourceQuality "1"]

1. d4 d5 2. Bg5 h6 3. Bh4 c6 4. Nc3 Bf5 5. e3 Qb6 6. Na4 Qa5+ 7. c3 e6 8. Qb3 b5 9. Nc5 Bxc5 10. dxc5 Nd7 11. Qd1 Ngf6 12. b4 Qa3 13. Qb3 Qxb3 14. axb3 Bc2 15. Ra3 0-0 16. Kd2 Bf5 17. f3 a5 18. bxa5 Nxc5 19. b4 Ncd7 20. g4 Bh7 21. Nh3 Ne5 22. Be2 Nfd7 23. Bg3 Rfc8 24. Bxe5 Nxe5 25. f4 Nd7 26. Nf2 Ra6 27. Rha1 Kf8 28. h4 f6 29. Rg1 Ke7 30. g5 hxg5 31. hxg5 Bf5 32. Raa1 Raa8 33. Bd3 Rh8 34. gxf6+ Kxf6 35. Bxf5 exf5 36. Rg2 g6 37. Rag1 Rh6 38. Nd3 Re8 39. Nc1 Nf8 40. Nb3 Ne6 41. Ra1 g5 42. fxg5+ Nxg5 43. Nd4 Ne4+ 44. Kd3 Ke5 45. a6 Ra8 46. a7 c5 47. Nxb5 Rh7 48. Ra6 Rb7 49. Rgg6 f4 50. exf4+ Kxf4 51. Rgb6 Rh7 52. Rb8 Rh2 53. Rf6+ Kg5 54. Rxa8 1-0

[Event "RUS-ch Silent"]
[Site "Zelenograd"]
[Date "2017.09.20"]
[Round "2"]
[White "Kononov, Viktor V"]
[Black "Bekirov, Denis"]
[Result "1-0"]
[WhiteElo "2045"]
[BlackElo "1752"]
[PlyCount "79"]
[EventDate "2017.09.19"]
[EventType "swiss"]
[EventRounds "11"]
[EventCountry "RUS"]
[SourceTitle "EXT 2019"]
[Source "ChessBase"]
[SourceDate "2018.10.10"]
[SourceVersion "1"]
[SourceVersionDate "2018.10.10"]
[SourceQuality "1"]

1. d4 Nf6 2. Bg5 e6 3. Nf3 b6 4. e3 Be7 5. c4 h6 6. Bh4 Ne4 7. Bg3 Nxg3 8. hxg3 Bb4+ 9. Nc3 Bb7 10. Qc2 d5 11. cxd5 Bxd5 12. Qa4+ Nc6 13. Bb5 Bxc3+ 14. bxc3 Bxf3 15. gxf3 Rc8 16. Bxc6+ Ke7 17. Ke2 a5 18. c4 Qd6 19. Rac1 Rhd8 20. Rhd1 e5 21. dxe5 Qxe5 22. Qa3+ Kf6 23. Rxd8 Rxd8 24. Qc3 g5 25. Qxe5+ Kxe5 26. Rd1 Rxd1 27. Kxd1 f6 28. Kc2 h5 29. f4+ Kd6 30. Bf3 h4 31. gxh4 gxh4 32. Bg4 Kc5 33. Kc3 c6 34. a4 b5 35. cxb5 cxb5 36. axb5 Kxb5 37. e4 Kc5 38. e5 fxe5 39. fxe5 Kd5 40. e6 1-0

[Event "Zelenograd-ch"]
[Site "Zelenograd"]
[Date "2016.09.20"]
[Round "3"]
[White "Chernov, Igor2222"]
[Black "Kononov, Viktor V"]
[Result "1-0"]
[WhiteElo "2090"]
[BlackElo "2073"]
[PlyCount "20"]
[EventDate "2016.09.19"]
[EventType "swiss"]
[EventRounds "11"]
[EventCountry "RUS"]
[SourceTitle "EXT 2017"]
[Source "ChessBase"]
[SourceDate "2016.10.25"]
[SourceVersion "1"]
[SourceVersionDate "2016.10.25"]
[SourceQuality "1"]

1. e4 g6 2. d4 Bg7 3. Nc3 d6 4. Be3 c6 5. a4 Nf6 6. f3 0-0 7. Qd2 Re8 8. Bc4 d5 9. exd5 cxd5 10. Bb5 Bd7 1-0

[Event "W-ch Disabled"]
[Site "Dresden"]
[Date "2015.10.23"]
[Round "6"]
[White "Kononov, Viktor V"]
[Black "Zimmer, Raphael"]
[Result "1/2-1/2"]
[WhiteElo "2096"]
[BlackElo "1985"]
[PlyCount "108"]
[EventDate "2015.10.18"]
[EventType "swiss"]
[EventRounds "7"]
[EventCountry "GER"]
[SourceTitle "CBM 168 Extra"]
[Source "ChessBase"]
[SourceDate "2015.10.29"]
[SourceVersion "1"]
[SourceVersionDate "2015.10.29"]
[SourceQuality "1"]

1. d4 d5 2. Bf4 Nf6 3. e3 e6 4. h3 c5 5. Nf3 Nc6 6. Nbd2 Bd6 7. dxc5 Bxc5 8. Ne5 0-0 9. c3 Bd6 10. Nxc6 bxc6 11. Be2 e5 12. Bg3 Bf5 13. 0-0 Re8 14. Qa4 Qb6 15. Nb3 Rab8 16. c4 Bc2 17. cxd5 cxd5 18. Rfc1 Bxb3 19. axb3 Qxb3 20. Qxa7 Qxb2 21. Bd3 Qb6 22. Qa4 Qb3 23. Qxb3 Rxb3 24. Rd1 Ba3 25. Bc2 Rc3 26. Ba4 Re7 27. Bh4 Ra7 28. Bxf6 gxf6 29. Bb5 Rc5 30. Be2 Rca5 31. Bf3 e4 32. Bg4 Kg7 33. Rab1 Kg6 34. h4 R7a6 35. Rd4 f5 36. Be2 Rd6 37. Rb8 Bc5 38. Rg8+ Kf6 39. Rd1 Ra2 40. Kf1 f4 41. Rg5 fxe3 42. fxe3 Bxe3 43. Rgxd5 Rxd5 44. Rxd5 Ra1+ 45. Rd1 Ra2 46. Rd5 h6 47. g4 Rc2 48. Rf5+ Kg6 49. Bb5 Rc5 50. Bd7 h5 51. gxh5+ Kg7 52. Ke2 Rxf5 53. Bxf5 Bf4 54. Bxe4 Bg3 1/2-1/2

[Event "W-ch Disabled"]
[Site "Dresden"]
[Date "2015.10.22"]
[Round "5"]
[White "Sponheim, Marko"]
[Black "Kononov, Viktor V"]
[Result "0-1"]
[WhiteElo "2024"]
[BlackElo "2096"]
[PlyCount "158"]
[EventDate "2015.10.18"]
[EventType "swiss"]
[EventRounds "7"]
[EventCountry "GER"]
[SourceTitle "CBM 168 Extra"]
[Source "ChessBase"]
[SourceDate "2015.10.29"]
[SourceVersion "1"]
[SourceVersionDate "2015.10.29"]
[SourceQuality "1"]

1. e4 g6 2. d4 Bg7 3. Nc3 d6 4. f4 c5 5. Nf3 cxd4 6. Nxd4 Qb6 7. Nb3 Nf6 8. Be2 0-0 9. Bf3 a5 10. a4 Be6 11. Ra3 h5 12. Qe2 Rc8 13. Qe3 Qxe3+ 14. Bxe3 Ng4 15. Bd2 Nc6 16. h3 Nb4 17. Bd1 Nh6 18. 0-0 f5 19. e5 dxe5 20. fxe5 Nf7 21. Nd4 Bc4 22. Re1 Rd8 23. Nf3 e6 24. Bf4 Bf8 25. Ra1 Be7 26. h4 Kg7 27. g3 Nh6 28. b3 Nd5 29. Bxh6+ Kxh6 30. Be2 Bxe2 31. Nxe2 g5 32. hxg5+ Bxg5 33. Nxg5 Kxg5 34. Nd4 Nc7 35. Rad1 Kg6 36. Kf2 Re8 37. Ne2 Re7 38. Rh1 Rh8 39. Nf4+ Kg5 40. Kf3 Nd5 41. Nxd5 exd5 42. Rxd5 Rhe8 43. c4 Rc8 44. Re1 Re6 45. Re3 Rh8 46. Rd4 Rhe8 47. Rd6 Rxe5 48. Rxe5 Rxe5 49. Rb6 Re1 50. Rxb7 Rc1 51. Rb8 Rc3+ 52. Kg2 Rc2+ 53. Kh3 Rc3 54. Rg8+ Kf6 55. Ra8 Rxb3 56. Ra6+ Kg5 57. Rxa5 h4 58. c5 Rxg3+ 59. Kh2 Rc3 60. Rb5 Kg4 61. a5 Rc2+ 62. Kg1 f4 63. Rb8 Rxc5 64. a6 Ra5 65. Ra8 Ra1+ 66. Kf2 Ra2+ 67. Kg1 h3 68. a7 Kf3 69. Rh8 h2+ 70. Kh1 Rxa7 71. Kxh2 Kf2 72. Kh3 f3 73. Kh2 Re7 74. Rh6 Ke1 75. Ra6 f2 76. Ra1+ Ke2 77. Ra2+ Kf3 78. Ra3+ Re3 79. Ra4 f1Q 0-1

[Event "RUS-ch Silent"]
[Site "Zelenograd"]
[Date "2015.06.09"]
[Round "10"]
[White "Kononov, Viktor V"]
[Black "Eremin, Anatoly V"]
[Result "1-0"]
[WhiteElo "2071"]
[BlackElo "2208"]
[PlyCount "51"]
[EventDate "2015.06.02"]
[EventType "swiss"]
[EventRounds "11"]
[EventCountry "RUS"]
[SourceTitle "EXT 2018"]
[Source "ChessBase"]
[SourceDate "2017.10.13"]
[SourceVersion "1"]
[SourceVersionDate "2017.10.13"]
[SourceQuality "1"]

1. Nf3 d5 2. d4 Nf6 3. e3 g6 4. Be2 Bg7 5. 0-0 0-0 6. c4 c6 7. Nc3 Bg4 8. h3 Bxf3 9. Bxf3 e6 10. cxd5 exd5 11. b4 a6 12. a4 Nbd7 13. Qb3 Nb6 14. Be2 Ne8 15. Ba3 f5 16. b5 Rf7 17. bxc6 bxc6 18. Rab1 Nc8 19. Bc5 Ned6 20. Nxd5 Ne4 21. Nf4 Nd2 22. Qa2 Nxb1 23. Rxb1 Nd6 24. Bxd6 Qxd6 25. Bc4 Raf8 26. Rb7 1-0

[Event "RUS-ch Silent"]
[Site "Zelenograd"]
[Date "2015.06.08"]
[Round "9"]
[White "Kononov, Viktor V"]
[Black "Petrenko, Mikhail"]
[Result "1-0"]
[WhiteElo "2071"]
[BlackElo "1869"]
[PlyCount "89"]
[EventDate "2015.06.02"]
[EventType "swiss"]
[EventRounds "11"]
[EventCountry "RUS"]
[SourceTitle "EXT 2018"]
[Source "ChessBase"]
[SourceDate "2017.10.13"]
[SourceVersion "1"]
[SourceVersionDate "2017.10.13"]
[SourceQuality "1"]

1. Nf3 d5 2. d4 e6 3. e3 c6 4. c4 Bd6 5. Bd3 Nf6 6. 0-0 Qc7 7. Nc3 b6 8. cxd5 Nxd5 9. a3 Nxc3 10. bxc3 Bb7 11. e4 c5 12. d5 exd5 13. exd5 Bxd5 14. Re1+ Kd8 15. Bf4 Bxf4 16. Be4 Nd7 17. Qxd5 Rb8 18. Bf5 g6 19. Bxd7 Qxd7 20. Qe4 Qc7 21. g3 Bd6 22. Rad1 Kc8 23. Rd5 b5 24. Red1 Rb6 25. Ng5 Qe7 26. Rxd6 Rxd6 27. Qxe7 Rxd1+ 28. Kg2 Rd7 29. Qxc5+ Rc7 30. Qe5 Rd8 31. Ne4 a6 32. Nd6+ Kb8 33. Nxf7 Rdd7 34. Ng5 Kb7 35. Ne6 Re7 36. Qd5+ Kb6 37. Nxc7 Rxc7 38. Qd4+ Rc5 39. f4 Kc6 40. g4 Rc4 41. Qf6+ Kb7 42. Kf3 Rc6 43. Qe5 Kb6 44. f5 h5 45. f6 1-0

[Event "RUS-ch Silent"]
[Site "Zelenograd"]
[Date "2015.06.07"]
[Round "8"]
[White "Malyuga, Valentin"]
[Black "Kononov, Viktor V"]
[Result "1-0"]
[WhiteElo "2105"]
[BlackElo "2071"]
[PlyCount "49"]
[EventDate "2015.06.02"]
[EventType "swiss"]
[EventRounds "11"]
[EventCountry "RUS"]
[SourceTitle "EXT 2018"]
[Source "ChessBase"]
[SourceDate "2017.10.13"]
[SourceVersion "1"]
[SourceVersionDate "2017.10.13"]
[SourceQuality "1"]

1. c4 e5 2. Nc3 Nc6 3. g3 g6 4. Bg2 Bg7 5. Nf3 Nge7 6. 0-0 0-0 7. d3 d6 8. Rb1 a5 9. a3 Bg4 10. b4 axb4 11. axb4 Qc8 12. b5 Nd4 13. Bg5 f6 14. Be3 Bxf3 15. exf3 Ne6 16. Qb3 Kh8 17. Ra1 f5 18. Rxa8 Qxa8 19. Nd5 Nxd5 20. cxd5 Nd4 21. Bxd4 exd4 22. b6 cxb6 23. Qxb6 Qa6 24. Rb1 Qxd3 25. Qxb7 1-0

[Event "RUS-ch Silent"]
[Site "Zelenograd"]
[Date "2015.06.04"]
[Round "4"]
[White "Shajakhmetov, Linat"]
[Black "Kononov, Viktor V"]
[Result "1/2-1/2"]
[WhiteElo "2113"]
[BlackElo "2071"]
[PlyCount "88"]
[EventDate "2015.06.02"]
[EventType "swiss"]
[EventRounds "11"]
[EventCountry "RUS"]
[SourceTitle "EXT 2018"]
[Source "ChessBase"]
[SourceDate "2017.10.13"]
[SourceVersion "1"]
[SourceVersionDate "2017.10.13"]
[SourceQuality "1"]

1. d4 Nf6 2. Nf3 g6 3. Bf4 Bg7 4. e3 d6 5. Be2 0-0 6. 0-0 Nbd7 7. h3 b6 8. c4 Bb7 9. Nc3 c5 10. d5 Ne8 11. e4 a6 12. Re1 Nc7 13. Qd2 Ne5 14. Nxe5 dxe5 15. Bh6 Qd6 16. a3 Bc8 17. Be3 f5 18. f3 f4 19. Bf2 g5 20. Rab1 a5 21. b4 axb4 22. axb4 Bd7 23. bxc5 bxc5 24. Nb5 Nxb5 25. cxb5 Rab8 26. Rec1 Rfc8 27. Rc2 e6 28. Bc4 exd5 29. Bxd5+ Kh8 30. Qe2 Bf8 31. Rd2 Qf6 32. Ra2 Rb6 33. Ra6 Rcb8 34. Rxb6 Rxb6 35. Bc4 h5 36. Rd1 Rd6 37. Rxd6 Qxd6 38. Qd3 Qxd3 39. Bxd3 Be6 40. b6 c4 41. Bc2 Bd6 42. Kf1 g4 43. hxg4 hxg4 44. fxg4 Bxg4 1/2-1/2